Hymns for the family of God / (Record no. 2683)
[ view plain ]
| 000 -LEADER | |
|---|---|
| fixed length control field | 00714ccm a2200241Ia 4500 |
| 001 - CONTROL NUMBER | |
| control field | 40224862 |
| 003 - CONTROL NUMBER IDENTIFIER | |
| control field | OCoLC |
| 005 - DATE AND TIME OF LATEST TRANSACTION | |
| control field | 20181017163629.0 |
| 008 - FIXED-LENGTH DATA ELEMENTS--GENERAL INFORMATION | |
| fixed length control field | 981103s1976 tnuhye n eng d |
| 020 ## - INTERNATIONAL STANDARD BOOK NUMBER | |
| International Standard Book Number | 0894770004 |
| 040 ## - CATALOGING SOURCE | |
| Original cataloging agency | CVN |
| Transcribing agency | CVN |
| Modifying agency | OCL |
| -- | OCLCQ |
| -- | BSC |
| 082 ## - DEWEY DECIMAL CLASSIFICATION NUMBER | |
| Classification number | 783.9 |
| 092 ## - LOCALLY ASSIGNED DEWEY CALL NUMBER (OCLC) | |
| Classification number | 782.2709047 |
| Item number | H665h, 1976a |
| 245 00 - TITLE STATEMENT | |
| Title | Hymns for the family of God / |
| Statement of responsibility, etc. | [Fred Bock, gen. ed.]. |
| 260 ## - PUBLICATION, DISTRIBUTION, ETC. | |
| Place of publication, distribution, etc. | Nashville : |
| Name of publisher, distributor, etc. | Brentwood-Benson Music Pub., |
| Date of publication, distribution, etc. | c1976. |
| 300 ## - PHYSICAL DESCRIPTION | |
| Extent | 1 close score (699 numbers), [31] p. ; |
| Dimensions | 24 cm. |
| 500 ## - GENERAL NOTE | |
| General note | Includes indexes. |
| 650 #0 - SUBJECT ADDED ENTRY--TOPICAL TERM | |
| Topical term or geographic name entry element | Hymns, English. |
| 650 #0 - SUBJECT ADDED ENTRY--TOPICAL TERM | |
| Topical term or geographic name entry element | Gospel music. |
| 650 #0 - SUBJECT ADDED ENTRY--TOPICAL TERM | |
| Topical term or geographic name entry element | Choruses, Sacred (Mixed voices) with piano. |
| 700 1# - ADDED ENTRY--PERSONAL NAME | |
| Personal name | Bock, Fred. |
| 942 ## - ADDED ENTRY ELEMENTS (KOHA) | |
| Source of classification or shelving scheme | Dewey Decimal Classification |
| Koha item type | Books |
| Withdrawn status | Lost status | Source of classification or shelving scheme | Damaged status | Not for loan | Collection code | Home library | Current library | Shelving location | Date acquired | Cost, normal purchase price | Total Checkouts | Full call number | Barcode | Date last seen | Price effective from | Koha item type |
|---|---|---|---|---|---|---|---|---|---|---|---|---|---|---|---|---|
| Dewey Decimal Classification | Non-fiction | Harvest Mission College | Harvest Mission College | General Stacks | 17.10.2018 | 460.00 | 783.9 | 002980 | 17.10.2018 | 17.10.2018 | Books |
